Encyclopedia of statistics in behavioral science /

Bibliographic Details
Other Authors: Everitt, Brian, Howell, David C.
Format: Book
Language:English
Published: Hoboken, N.J. : John Wiley & Sons, [2005]
Subjects:
Online Access:Table of contents

MARC

Tag First Indicator Second Indicator Subfields
LEADER 00000cam a2200000 a 4500
001 in00002040310
005 20151101053043.0
008 050311s2005 njua be 001 0 eng
010 |a  2005004373 
015 |a GBA506685  |2 bnb 
016 7 |a 013092469  |2 Uk 
019 |a 57527351 
020 |a 0470860804 (hardcover : set) 
035 |a (OCoLC)ocm57694986 
040 |a DLC  |c DLC  |d YDX  |d UKM  |d BAKER  |d TXA  |d UtOrBLW 
042 |a pcc 
049 |a TXAM 
050 0 0 |a BF39  |b .E498 2005 
082 0 0 |a 150/.1/5195  |2 22 
245 0 0 |a Encyclopedia of statistics in behavioral science /  |c editors-in-chief, Brian S. Everitt, David C. Howell. 
264 1 |a Hoboken, N.J. :  |b John Wiley & Sons,  |c [2005] 
264 4 |c ©2005 
300 |a 4 volumes :  |b illustrations ;  |c 26 cm. 
336 |a text  |b txt  |2 rdacontent 
337 |a unmediated  |b n  |2 rdamedia 
338 |a volume  |b nc  |2 rdacarrier 
504 |a Includes bibliographical references and index. 
505 0 |a v. 1. A-D -- v. 2. E-L -- v. 3. M-Q -- v. 4. R-Z, Index. 
650 0 |a Psychometrics  |v Encyclopedias. 
700 1 |a Everitt, Brian. 
700 1 |a Howell, David C. 
856 4 1 |3 Table of contents  |u http://www.loc.gov/catdir/toc/ecip058/2005004373.html  |t 0 
994 |a C0  |b TXA 
948 |a cataloged  |b h  |c 2005/9/1  |d c  |e blrosas  |f 3:17:34 pm 
999 |a MARS 
999 f f |s 8b52ab42-ffa5-304d-a43e-bb67deb927ca  |i 2f34b3f8-7c79-32cf-91c3-8c525f187eb2  |t 0 
952 f f |p normal  |a Texas A&M University  |b College Station  |c Sterling C. Evans Library  |d Evans: Library Stacks  |t 0  |e BF39 .E498 2005  |h Library of Congress classification  |i unmediated -- volume  |k v.2  |m A14832973090 
952 f f |p normal  |a Texas A&M University  |b College Station  |c Sterling C. Evans Library  |d Evans: Library Stacks  |t 0  |e BF39 .E498 2005  |h Library of Congress classification  |i unmediated -- volume  |k v.4  |m A14832973529 
952 f f |p normal  |a Texas A&M University  |b College Station  |c Sterling C. Evans Library  |d Evans: Library Stacks  |t 0  |e BF39 .E498 2005  |h Library of Congress classification  |i unmediated -- volume  |k v.1  |m A14832973561 
952 f f |p normal  |a Texas A&M University  |b College Station  |c Sterling C. Evans Library  |d Evans: Library Stacks  |t 0  |e BF39 .E498 2005  |h Library of Congress classification  |i unmediated -- volume  |k v.3  |m A14832973058 
998 f f |a BF39 .E498 2005  |s v.1-4  |t 0  |l Evans: Library Stacks